000 00608nam a2200181 4500
001 118855
003 ES-MaACL
005 20230906191208.0
007 t|
008 070214s1977 sp r ||||1| spa d
100 1 _aPérez Casas, Antonio.
_990715
245 1 0 _aMorfología m, estructura y función de los centros nerviosos /
_cAntonio Pérez Casas , María Esperanza Bengoechea González.
250 _a3ª ed.
260 _aMadrid :
_bPaz Montalvo,
_c1977.
300 _aXV, 901 p. :
_bil ;
_c28 cm.
700 1 _aBengoechea González, María Esperanza.
_927572
852 _aES-MaACL
_jA-7995
_bR.96937
999 _c118855
_d118855